Mistrzostwa świata w piłce nożnej 1974 - Statystyki

Ogólne statystyki
  • Ten quiz został rozwiązany 74 razy
  • Średni wynik to 12 z 16
Statystyki odpowiedzi
Grupa Państwo % Poprawnych
Grupa D Polska
100%
Grupa B Brazylia
98%
Grupa D Argentyna
97%
Grupa D Włochy
94%
Grupa A RFN
89%
Grupa C Szwecja
85%
Grupa C Holandia
83%
Grupa B Jugosławia
82%
Grupa A NRD
80%
Grupa D Haiti
71%
Grupa C Urugwaj
68%
Grupa A Chile
66%
Grupa A Australia
52%
Grupa B Szkocja
38%
Grupa B Zair
38%
Grupa C Bułgaria
28%
Nie znaleziono quizów pasujących do podanych kryteriów
Rozkład punktacji
Procent ludzi z każdym wynikiem
Percentyl według liczby udzielonych odpowiedzi
Twoja historia wyników
Nie rozwiązałeś tego quizu